Datum a čas kvízu

19.5 Celkem bodů Celkový počet nahraných bodů na tomto kvízu bez doplňovacích otázek.
7. Pořadí na kvízu Konečné umístění týmu na tomto kvízu.

Zaznamenané odpovědi

# Otázka Odpověď Body Výsledky
1. Tato novinářka prošla celou p... Markéta Řeháková 0
2. Ve Spojených státech došlo k n... Sněmovna reprezentantů 0
3. Agáta Hanychová minulý týden o... Miroslav Dopita 0
4. Ve středu byla v Berlíně předs... Škoda Kodiaq 0
5. Kolikátý titul v řadě mistra s... třetí titul 0
6. Téma o slavných trojicích, kte... Peugeot, Citroën, Renault 1
7. Která tříčlenná kapela stojí z... Muse 0
8. Na začátku které slavné původn... Matrix 0
9. S naším tématem jistě souvisí... d'Artagnana 0
10. Které společné příjmení patří... Rachůnek 0